000
00277nam a22001097a 4500
082
_a
954.031
_b
BID
245
_a
Early Indian Campaigns and Medals 1799-1849
300
_a
p;172
_b
ill
_c
15cm
526
_a
0
_b
0
_c
0
_d
954_031000000000000_BID
650
_a
MCE
_9
379
942
_2
ddc
_c
BK
999
_c
553246
_d
553246